| 000 | 00440nam a2200157Ia 4500 | ||
|---|---|---|---|
| 999 |
_c6468 _d6468 |
||
| 020 | _a8183700519 | ||
| 082 | _a340.52541 JYR-A | ||
| 100 | _aJyrwa, Erbanoris | ||
| 245 | 0 | _aAdministration of justice in the Khasi Hills | |
| 260 |
_aNew Delhi _bAkansha Publishing _c2006 |
||
| 300 | _axvi, 150 | ||
| 504 | _aincludes index | ||
| 650 |
_aJustice, Administration of _zIndia, Northeast |
||
| 650 |
_aKhasis, The _zIndia, Northeast |
||
| 942 | _cBK | ||